Country Logic Puzzle by Scambigol #20 - Statistics

General Stats
  • This quiz has been taken 100 times
  • The average score is 15 of 26
Answer Stats
Country % Correct
Liechtenstein
95%
Uzbekistan
91%
Austria
78%
Italy
72%
Hungary
69%
France
68%
Oman
67%
Yemen
63%
Czech Republic
59%
Qatar
55%
North Macedonia
54%
Greece
53%
Vatican City
53%
Ethiopia
51%
Kosovo
51%
Zambia
51%
DR Congo
50%
Jordan
50%
Tajikistan
50%
Bolivia
47%
Rwanda
47%
Paraguay
46%
Mongolia
45%
South Sudan
45%
Chile
41%
China
41%
No matching quizzes found
Score Distribution
Percent of People with Each Score
Percentile by Number Answered
Your Score History
You have not taken this quiz